Specials / (Record no. 2858)

MARC details
000 -LEADER
fixed length control field 01157cam a2200325 a 4500
001 - CONTROL NUMBER
control field 2858
003 - CONTROL NUMBER IDENTIFIER
control field FISKH
005 - DATE AND TIME OF LATEST TRANSACTION
control field 20240118082227.0
008 - FIXED-LENGTH DATA ELEMENTS--GENERAL INFORMATION
fixed length control field 050914s2006 nyu d 000 1 eng d
010 ## - LIBRARY OF CONGRESS CONTROL NUMBER
LC control number 2005933890
020 ## - INTERNATIONAL STANDARD BOOK NUMBER
International Standard Book Number 0689865406
020 ## - INTERNATIONAL STANDARD BOOK NUMBER
International Standard Book Number 9780689865404
020 ## - INTERNATIONAL STANDARD BOOK NUMBER
International Standard Book Number 9780439025669
035 ## - SYSTEM CONTROL NUMBER
System control number (OCoLC)ocm68043561
040 ## - CATALOGING SOURCE
Original cataloging agency JVJ
Transcribing agency JVJ
Modifying agency BAKER
-- OCLCQ
-- XY4
-- VP@
-- XY4
-- DLC
Language of cataloging eng
042 ## - AUTHENTICATION CODE
Authentication code lcac
-- lccopycat
050 00 - LIBRARY OF CONGRESS CALL NUMBER
Classification number PZ7.W5197
Item number Sp 2007
082 00 - DEWEY DECIMAL CLASSIFICATION NUMBER
Classification number [Fic]
Edition number 22
100 1# - MAIN ENTRY--PERSONAL NAME
Personal name Westerfeld, Scott.
245 10 - TITLE STATEMENT
Title Specials /
Statement of responsibility, etc. Scott Westerfeld.
250 ## - EDITION STATEMENT
Edition statement First Scholastic printing, September 2007
260 ## - PUBLICATION, DISTRIBUTION, ETC.
Place of publication, distribution, etc. New York :
Name of publisher, distributor, etc. Scholastic,
Date of publication, distribution, etc. 2006
300 ## - PHYSICAL DESCRIPTION
Extent 372 pages :
Dimensions 20 cm
520 ## - SUMMARY, ETC.
Summary, etc. After being captured and surgically transformed into a "special," teenaged Tally Youngblood, now a government agent programmed to protect society from outside threats, is ordered to eliminate the rebel colony New Smoke, Tally's former home.
650 #1 - SUBJECT ADDED ENTRY--TOPICAL TERM
Topical term or geographic name entry element Beauty, Personal
Form subdivision Fiction.
650 #1 - SUBJECT ADDED ENTRY--TOPICAL TERM
Topical term or geographic name entry element Brainwashing
Form subdivision Fiction.
650 #1 - SUBJECT ADDED ENTRY--TOPICAL TERM
Topical term or geographic name entry element Science fiction.
906 ## - LOCAL DATA ELEMENT F, LDF (RLIN)
a 7
b cbc
c orignew
d 2
e epcn
f 20
g y-gencatlg
942 ## - ADDED ENTRY ELEMENTS (KOHA)
Source of classification or shelving scheme Dewey Decimal Classification
Koha item type Books
Suppress in OPAC No
Holdings
Withdrawn status Lost status Source of classification or shelving scheme Damaged status Not for loan Collection Home library Current library Shelving location Date acquired Total Checkouts Full call number Barcode Date last seen Price effective from Koha item type
    Dewey Decimal Classification     Fiction Footprints International School Library Network Toul Kork Campus Footprints International School Library Network Toul Kork Campus   01/18/2024   WES Fic PZ7.W5197 FISSE00967 01/18/2024 01/18/2024 Books